Regional report (Record no. 81352)

MARC details
000 -LEADER
fixed length control field 00759cab a22001935a 4500
001 - CONTROL NUMBER
control field L146973
008 - FIXED-LENGTH DATA ELEMENTS--GENERAL INFORMATION
fixed length control field 090318e20090306xxkad f 000 0 eng d
035 ## - SYSTEM CONTROL NUMBER
System control number (Sirsi) u146973
041 0# - LANGUAGE CODE
Language code of text/sound track or separate title eng
100 1# - MAIN ENTRY--PERSONAL NAME
Personal name Watson, Stuart
245 00 - TITLE STATEMENT
Title Regional report
Remainder of title East Midlands
260 ## - PUBLICATION, DISTRIBUTION, ETC.
Date of publication, distribution, etc. 2000
490 #0 - SERIES STATEMENT
Series statement Property Week
Volume/sequential designation 75(10) 6 March 2009, 75-84(7)
520 ## - SUMMARY, ETC.
Summary, etc. Reports on how the towns and cities of the region are looking to their local authorities to revive stagnant markets and how Derby is still forging ahead with its railway refurbishment. Discusses prospects for a new development at Leicester's rugby club.
590 ## - LOCAL NOTE (RLIN)
Local note KA
651 #4 - SUBJECT ADDED ENTRY--GEOGRAPHIC NAME
Geographic name East Midlands (England)
690 ## - LOCAL SUBJECT ADDED ENTRY--TOPICAL TERM (OCLC, RLIN)
Topical term or geographic name as entry element PROPERTY-COMMERCIAL PROPERTY-COMMERCIAL PROPERTY MARKET
942 ## - ADDED ENTRY ELEMENTS (KOHA)
Suppress in OPAC 0
Holdings
Withdrawn status Lost status Source of classification or shelving scheme Damaged status Not for loan Home library Current library Shelving location Date acquired Total Checkouts Full call number Barcode Date last seen Copy number Price effective from Koha item type
    Dewey Decimal Classification     London London Journal article 18/03/2009   L146973 146973-1001 06/08/2019 1 06/08/2019 Journal article